| 000 | 00778nam a2200205 a 4500 | ||
|---|---|---|---|
| 008 | 120416s1996 ||||||||||||||||| || u | ||
| 020 | _a0750626887 | ||
| 050 | _aHF 5415 Wea | ||
| 100 | _aMorrison, Alison J | ||
| 245 | 1 | 0 | _aHospitality marketing |
| 260 |
_aOxford _bButterworth-Heinemann _c1996 |
||
| 300 | _axvi, 321 p. : ill. | ||
| 350 | _a0.00 | ||
| 650 | _aHOSPITALITY INDUSTRY--MARKETING | ||
| 650 | 0 | _aMARKETING--MANAGEMENT--CASE STUDIES | |
| 700 | _aWearne, Neil | ||
| 856 | _uhttp://www.loc.gov/catdir/description/els032/96143165.html | ||
| 856 | _uhttp://www.loc.gov/catdir/toc/els032/96143165.html | ||
| 995 |
_D0.00 _FCBU-MAIN LIBRARY (Kitwe) _H1 _I25.00 _M1 _UAVAILABLE _ZMain Library Open Access Collection |
||
| 999 |
_c45674 _d45674 |
||